| 000 | 00861nam a2200229Ia 4500 | ||
|---|---|---|---|
| 001 | 8505 | ||
| 003 | GE_BSU | ||
| 008 | 181216s||||||||xx |||||||||||||| ||und|| | ||
| 040 | _cGE_BSU | ||
| 080 | _a821.353.1-1 | ||
| 245 | _aვუმღერით სამშობლოს. | ||
| 245 | _bავტორ-მთქმელების ლექსების კრებული. | ||
| 245 | _cრედ:კ.ბობოხიძე;მხატვ:ო.ჯიშკარიანი. | ||
| 260 | _aთბილისი. | ||
| 260 | _bსაბჭ.საქართველო | ||
| 260 | _c1964. | ||
| 300 | _a11გვ;15სმ. | ||
| 541 | _h5ლ. | ||
| 653 | _aავტორ-მთქმელების ლექსების კრებული. | ||
| 653 | _aვუმღერით სამშობლოს. | ||
| 942 | _cBK | ||
| 999 |
_c41822 _d41822 |
||